banner koha

Nivel de infestacao da lagarta da espiga, Heliothis zea (Boddie, 1850)em milho ocorrido em alguns municipios do Rio Grande do Sul [Zea mays] (Registro n. 119005)

MARC details
000 -LÍDER
campo de controle de tamanho fixo 00947nas a2200265 4500
001 - NÚMERO DE CONTROLE
campo de controle BR8603021
003 - IDENTIFICADOR DO NÚMERO DE CONTROLE
campo de controle BR-BrBNA
005 - DATA E HORÁRIO DA ÚLTIMA TRANSAÇÃO
campo de controle 20231205090523.0
007 - CAMPO FIXO DE DESCRIÇÃO FÍSICA--INFORMAÇÃO GERAL
campo de controle de tamanho fixo ta
008 - CAMPO DE DADOS FIXOS--INFORMAÇÃO GERAL
campo de controle de tamanho fixo 230509b bl.|||p| |||| 00| 00por d
040 ## - FONTE DA CATALOGAÇÃO
Instituição da catalogação original BR-BrBNA
Idioma da catalogação por
Instituição que transcreveu o registro Biblioteca Nacional de Agricultura
041 ## - CÓDIGO DE IDIOMA
Código do idioma do texto/trilha sonora ou título diferente (Pt)
072 ## - CÓDIGO DE CATEGORIA DE ASSUNTO
Código de Categoria de Assunto H10
100 1# - ENTRADA PRINCIPAL--NOME PESSOAL
Nome pessoal Link, D.
100 1# - ENTRADA PRINCIPAL--NOME PESSOAL
Nome pessoal Ritter, R.
245 1# - TÍTULO
Título Nivel de infestacao da lagarta da espiga, Heliothis zea (Boddie, 1850)em milho ocorrido em alguns municipios do Rio Grande do Sul [Zea mays]
Restante do título Parte do projeto
246 1# - FORMA VARIANTE DO TÍTULO
Título/título abreviado Corn earworm infestation level on corn at some counties of Rio Grande do Sul
Restante do título Part of project
650 ## - ASSUNTO--TERMO TÓPICO
Cabeçalho tópico ou nome geográfico MILHO
650 ## - ASSUNTO--TERMO TÓPICO
Cabeçalho tópico ou nome geográfico LAGARTA
650 ## - ASSUNTO--TERMO TÓPICO
Cabeçalho tópico ou nome geográfico INFESTACAO
650 ## - ASSUNTO--TERMO TÓPICO
Cabeçalho tópico ou nome geográfico RIO GRANDE DO SUL
773 0# - ENTRADA ANALÍTICA
Título Revista do Centro de Ciencias Rurais (Brazil)
ISSN - International Standard Serial Number ISSN 0085-5901
Partes relacionadas (Oct-Dec 1985), v. 15(4) p. 295-302
Número de controle do registro BR8603021
909 ## -
-- 202311
-- Lúcia
-- 55
-- Lúcia Elande
942 ## - ELEMENTOS DE ENTRADA ADICIONADOS (KOHA)
Fonte da classificação ou esquema de arquivamento na estante Classificação AGRIS
Ocultar no OPAC Não
Tipo de material Koha Analítica
Exemplares
Situação do descarte Fonte da classificação ou esquema de arquivamento na estante Situação física Não pode ser emprestado Biblioteca de origem Biblioteca atual Localização na estante Enumeração do periódico / cronologia Total de empréstimos Data de último acesso Número do exemplar Tipo de material Koha Fonte de aquisição
  Classificação AGRIS   Consulta local Biblioteca Nacional de Agricultura - Binagri Biblioteca Nacional de Agricultura - Binagri   (Oct-Dec 1985), v. 15(4) p. 295-302   29/11/2023 01 Periódicos Portaria Interministerial nº 164/94

BINAGRI

Telefone: (61)3218-2567/2388/3357/2097 - binagri@agro.gov.br

Ministério da Agricultura e Pecuária , Esplanada dos Ministérios, Bloco D, Anexo B, Brasília/DF, CEP: 70.043-900